| 000 | 01504nam a22004457a 4500 | ||
|---|---|---|---|
| 001 | 0006715 | ||
| 003 | KOHA_MİRAKIL | ||
| 005 | 20260207001532.0 | ||
| 007 | ta | ||
| 008 | 090817b2007 tu |||gr||||#0|||0|tur | | ||
| 020 | _c0,01 | ||
| 040 |
_aTR-BiSEU _btur _cTR-BiSEU _erda |
||
| 041 | 0 | _atur | |
| 044 | _ctu | ||
| 050 |
_aDR435 _b.O86 2007 |
||
| 245 | 0 |
_aOsmanlı belgelerinde Ermenilerin sevk ve iskanı (1878-1920)/ _ceditör Recep Karacakaya...[ve bşk.]. |
|
| 264 | 1 |
_aAnkara : _bT.C. Başbakanlık Arşivleri Genel Müdürlüğü _c2007 |
|
| 300 | _a1224 sayfa: harita | ||
| 336 |
_ametin _btxt _2rdacontent |
||
| 337 |
_aaracısız _bn _2rdamedia |
||
| 338 |
_acilt _bnc _2rdacarrier |
||
| 490 | 1 | _aT.C. | |
| 490 | 1 | _aBaşbakanlık Arşivleri Genel Müdürlüğü. | |
| 490 | 1 |
_aOsmanlı Arşivi Daire Başkanlığı yayın ; _vnu. |
|
| 490 | 1 | _a91. | |
| 500 | _aKitap Osmanlıca metin içermekte. | ||
| 500 | _aDizin var. | ||
| 650 | 0 |
_aArmenians--Turkey--History. _910472 |
|
| 650 | 0 |
_aTurkey--Ethnic relations--Armenians--History. _916603 |
|
| 650 | 0 |
_aArmenians questions. _916604 |
|
| 650 | 0 |
_aErmeniler--Türkiye--Tarih. _910473 |
|
| 650 | 0 |
_aTürkiye--Etnik ilişkiler--Ermeniler--tarih. _916605 |
|
| 650 | 0 |
_aErmeni sorunu. _99825 |
|
| 830 | 1 |
_aT.C. _96297 |
|
| 830 | 1 |
_aBaşbakanlık Arşivleri Genel Müdürlüğü. _916606 |
|
| 830 | 1 |
_aOsmanlı Arşivi Daire Başkanlığı yayın ; _vnu. _916607 |
|
| 830 | 1 |
_a91. _910494 |
|
| 907 | _aTarih | ||
| 942 |
_2lcc _cBK |
||
| 999 |
_c6696 _d6696 |
||